Normal view
MARC view
- Korte, George.
Entry Personal Name
001 - CONTROL NUMBER
- control field: 21810
003 - CONTROL NUMBER IDENTIFIER
- control field: NUST
005 - DATE AND TIME OF LATEST TRANSACTION
- control field: 20190927151316.0
008 - FIXED-LENGTH DATA ELEMENTS
- fixed length control field: 190927|| aca||aabn | a|a d
040 ## - CATALOGING SOURCE
- Original cataloging agency: NUST
- Transcribing agency: NUST
100 ## - HEADING--PERSONAL NAME
- Personal name: Korte, George.
670 ## - SOURCE DATA FOUND
- Source citation: Work cat.: (NUST)0: Korte, George., Computer-aided design and drafting systems /, [1990]
